000 00626cam a22002291 4500
001 he 68004383
003 DLC
005 20260227111508.0
008 840213s1967 is 000 0 heb
010 _ahe 68004383
035 _a(OCoLC)19202168
040 _aDLC
_cMH
_dDLC
042 _apremarc
050 0 0 _aDS126.6.E8
_bK64
245 0 0 _aKol bediḥot Eshkol.
260 _aTel Aviv :
_bHotsaʼat Isar,
_c[1967]
300 _a2 v. ;
_c12 cm.
500 _aVol. 2 has title: ʻOd bediḥot Eshkol.
600 1 0 _aEshkol, Levi,
_d1895-1969.
651 0 _aIsrael
_xPolitics and government.
752 _aIsrael
_dTel Aviv
999 _c34084
_d34084